000 00913nam a2200277 4500
001 0000012531
003 CO-CtgCURN
005 20250331185143.0
007 ta
008 160627s1993 000 0 eng d
020 _a9682516145
040 _aCO-CtgCURN
_bspa
_ccoctgcurn
082 0 _a610.736
_bW16e
100 1 _aWaechter, Eugenia H.
245 1 0 _aEnfermeria pediatrica /
_cEugenia Waechter, Jane Phillips , traducción María Teresa Aguilar Ortega, María Teresa Martínez de Z.
260 _aMexico :
_bInteramericana,
_c1993.
300 _a2 v.
336 _2rdacontent
337 _2rdamedia
_asin mediacion
_bn
338 _2rdacarrier
_avolumen
_bnc
650 1 4 _aEnfermeria pediatrica.
908 _a160627
942 _cBK
_h610.736
_iW16e
_2ddc
999 _c21467
_d21467